000
00303nam a2200097 a 4500
005
20200930070225.0
008
110825s1915 000 spa d
245
0
_a
Recopilación ordenada y sistematizada de las diferentes decisiones rendidas por el...
260
_a
Santo Domingo,
_c
1915.
999
_c
32876
_d
32876
040
_a
DO-SdBNP